Prestige - Daddy Yankee - Estadísticas

Estadísticas generales
  • Esta prueba ha sido intentada 13 veces
  • La puntuación promedio es 10 de 17
Estadísticas de respuestas
Hint Respuesta % Correcto
ft. J Alvarez El Amante
89%
ft. De La Ghetto, Ñengo Flow, Arcángel, Farruko, Baby Rasta & Gringo, Alex Kyza, Kendo Kaponi Llegamos A La Disco
89%
Lovumba
78%
Perros Salvajes
78%
Limbo
67%
Pasarela
67%
ft. Prince Royce Ven Conmigo
67%
Switchea
56%
ft. De La Ghetto After Party
44%
La Calle Moderna
44%
La Maquina De Baile
44%
ft. Farruko Mas Que Un Amigo
44%
Miss Show
44%
Pon T Loca
44%
ft. Randy Baby
33%
ft. Natalia Jiménez La Noche De Los Dos
33%
Po'Encima
33%
No se encontraron pruebas coincidentes
Distribución de puntuación
Porcentaje de gente con cada puntuación
Porcentaje por número respondido
Historial de tus puntuaciones
No has intentado esta prueba.